Персональная образовательная среда преподавателя: монография
| מחבר ראשי: | |
|---|---|
| מחבר תאגידי: | |
| סיכום: | Заглавие с титульного экрана Электронная версия печатной публикации В монографии рассмотрены парадигма пожизненного образования, педагогические и дидактические характеристики открытой образовательной среды, проблема создания персональной образовательной среды преподавателя и инструменты её создания в глобальном образовательном пространстве. Дан анализ сервисов интернета, которые преподаватель может использовать для конструирования своей персональной обучающей среды. Особенностью среды является ее облачная структура, обеспечивающая свободу выбора сервисов и ее развитие в зависимости от появляющихся профессиональных потребностей. Предназначено слушателям курсов повышения квалификации, преподавателям вузов, учителям средней школы, студентам педагогических вузов и направлено на развитие их информационно-коммуникационной компетенции. Режим доступа: из корпоративной сети ТПУ |
| שפה: | רוסית |
| יצא לאור: |
Томск, Изд-во ТПУ, 2021
|
| נושאים: | |
| גישה מקוונת: | https://www.lib.tpu.ru/fulltext2/m/2021/m31.pdf |
| פורמט: | אלקטרוני ספר |
| KOHA link: | https://koha.lib.tpu.ru/cgi-bin/koha/opac-detail.pl?biblionumber=346333 |
MARC
| LEADER | 00000nlm0a2200000 4500 | ||
|---|---|---|---|
| 001 | 346333 | ||
| 005 | 20231102005856.0 | ||
| 035 | |a (RuTPU)RU\TPU\book\378213 | ||
| 035 | |a RU\TPU\book\343255 | ||
| 090 | |a 346333 | ||
| 100 | |a 20210804d2021 k y0rusy50 ca | ||
| 101 | 0 | |a rus | |
| 102 | |a RU | ||
| 105 | |a a z 001zy | ||
| 135 | |a drcn ---uucaa | ||
| 181 | 0 | |a i | |
| 182 | 0 | |a b | |
| 200 | 1 | |a Персональная образовательная среда преподавателя |b Электронный ресурс |e монография |f В. А. Стародубцев |g Национальный исследовательский Томский политехнический университет (ТПУ) | |
| 203 | |a Текст |c электронный | ||
| 210 | |a Томск |c Изд-во ТПУ |d 2021 | ||
| 230 | |a 1 компьютерный файл (pdf; 4.0 MB) | ||
| 300 | |a Заглавие с титульного экрана | ||
| 300 | |a Электронная версия печатной публикации | ||
| 330 | |a В монографии рассмотрены парадигма пожизненного образования, педагогические и дидактические характеристики открытой образовательной среды, проблема создания персональной образовательной среды преподавателя и инструменты её создания в глобальном образовательном пространстве. Дан анализ сервисов интернета, которые преподаватель может использовать для конструирования своей персональной обучающей среды. Особенностью среды является ее облачная структура, обеспечивающая свободу выбора сервисов и ее развитие в зависимости от появляющихся профессиональных потребностей. Предназначено слушателям курсов повышения квалификации, преподавателям вузов, учителям средней школы, студентам педагогических вузов и направлено на развитие их информационно-коммуникационной компетенции. | ||
| 333 | |a Режим доступа: из корпоративной сети ТПУ | ||
| 452 | 1 | |0 (RuTPU)RU\TPU\book\378408 |y 978-5-4387-0992-3 |t Персональная образовательная среда преподавателя |o монография |f В. А. Стародубцев |g Национальный исследовательский Томский политехнический университет |c Томск |n Изд-во ТПУ |d 2021 |p 159 с. |a Стародубцев, Вячеслав Алексеевич | |
| 606 | 1 | |a Преподаватели |x Высшие учебные заведения |2 stltpush |3 (RuTPU)RU\TPU\subj\68870 |9 83969 | |
| 610 | 1 | |a электронный ресурс | |
| 610 | 1 | |a труды учёных ТПУ | |
| 610 | 1 | |a монографии | |
| 610 | 1 | |a открытая образовательная среда | |
| 610 | 1 | |a персональная образовательная среда | |
| 610 | 1 | |a персональный менеджмент | |
| 610 | 1 | |a знания | |
| 686 | |a Ч481.42я73 |v LBC/SL-A |2 rubbk | ||
| 700 | 1 | |a Стародубцев |b В. А. |c физик |c профессор Томского политехнического университета, доктор педагогических наук |f 1943- |g Вячеслав Алексеевич |2 stltpush |3 (RuTPU)RU\TPU\pers\26939 | |
| 712 | 0 | 2 | |a Национальный исследовательский Томский политехнический университет |b Школа инженерного предпринимательства |c (2017- ) |h 7949 |2 stltpush |3 (RuTPU)RU\TPU\col\23544 |
| 801 | 1 | |a RU |b 63413507 |c 20150819 | |
| 801 | 2 | |a RU |b 63413507 |c 20211029 |g RCR | |
| 856 | 4 | |u https://www.lib.tpu.ru/fulltext2/m/2021/m31.pdf | |
| 942 | |c CF | ||